02049cam a22003734i 4500003000900000005001700009008004400026035001800070040002800088082002200116245009800138264006500236300002700301336002100328337002500349338002300374505093400397526001001331526001001341526001001351526001001361526000801371526000801379526000801387526000801395526000801403526000801411526000801419610003701427650004201464650004101506650004101547710008701588PE-LiUPU20250731172753.01968sp pe a rb 000 0 spa d aPE-LiUPU12082 aPE-LiUPUbspacPE-LiUPU04a289.92bW324l22310aLa verdad que lleva a vida eterna /cWatchtower Bible and Tract Society of the New York, INC. 1aBrooklyn, N.Y. :bWatchtower Bible and Tract Society,c1968. a192 páginas ;c20 cm atext2rdacontent aunmediated2rdamedia avolume2rdacarrier0 a¡Se acercan grandiosas bendiciones procedentes de Dios! -- Lo sabio de examinar uno su religión -- ¿Quién es Dios? -- ¿Por qué envejecemos y morimos? -- ¿Dónde están los muertos? -- Jesucristo, el medio que Dios usa para bendecir a la humanidad -- ¿Hay espíritus inicuos? -- ¿Por qué ha permitido Dios la iniquidad hasta nuestro día? -- Por qué un "rebaño pequeño" va al cielo -- El reino de Dios entra en poder en medio de sus enemigos -- Los últimos días de este inicuo sistema de cosas -- Régimen justo hace de la Tierra un paraíso -- La iglesia verdadera y su fundamento -- Cómo identificar la religión verdadera -- "Sálgase de entre ellos" -- Cómo orar y ser oído por Dios -- Obediencia cristiana a la ley -- Respeto piadoso a la vida y la sangre -- Edificando una vida de familia feliz -- Su decisión de servir a Dios -- La adoración verdadera... un camino y modo de vivir. aSEG42 aSEG41 aSEG40 aSEG39 aP94 aP87 aP86 aP85 aP77 aP76 aP3514aTestigos de Jehová2Doctrinas.24aVida cristianaxTestigos de Jehová.24aReino de DiosxTestigos de Jehová.20aEscatologíaxTestigos de Jehová.2 aInternational Bible Students Association (Brooklyn, New York),eautor corporativo.